| 000 | 00723nam a2200217 a 4500 | ||
|---|---|---|---|
| 001 | 64792 | ||
| 003 | BD-RjUL | ||
| 005 | 20211209081342.0 | ||
| 008 | 170222s1953 bg |||| |||| 000 0 ben d | ||
| 035 | _a(BD-RjUL)64922 | ||
| 040 |
_aBD-RjUL _bben _cBD-RjUL _dBD-RjUL |
||
| 041 | _aben | ||
| 082 | 0 | 4 |
_a891.443 _bALJ 1953 _223 |
| 100 | 1 |
_aআলী, শাহেদ _9530 |
|
| 245 | 1 | 0 |
_aজিব্রাইলের ডানা / _cশাহেদ আলী |
| 260 |
_aঢাকা : _bতমদ্দুন প্রেস, _c১৯৫৩ |
||
| 300 |
_a১৬৪ পৃ. ; _c২৩ সেমি. |
||
| 650 |
_aবাংলা উপন্যাস _9126294 |
||
| 650 |
_aBengali fiction _9126295 |
||
| 942 |
_2ddc _cBK |
||
| 999 |
_c64792 _d64792 |
||